Laporan menghadiri Seminar on Property trust industry in Malaysia : Its revitalisation as a solution to the commercial property overhang
| Main Author: | |
|---|---|
| Format: | Book |
| Published: |
2002
|
| Subjects: |
MARC
| LEADER | 00000cam a2200000 7i4500 | ||
|---|---|---|---|
| 001 | 0000026593 | ||
| 005 | 20151124.0 | ||
| 040 | |a INS | ||
| 090 | 0 | 0 | |a S/REP 7 |
| 100 | 0 | |a Ahmad Zikrileh bin Ismail | |
| 245 | 1 | 0 | |a Laporan menghadiri Seminar on Property trust industry in Malaysia : |b Its revitalisation as a solution to the commercial property overhang |
| 260 | |c 2002 | ||
| 300 | |c 30cm. | ||
| 650 | 0 | |a Property |z Malaysia |x Congresses | |
| 650 | 0 | |a Trusts and trustees |z Malaysia |x Congresses | |
| 999 | |a SREP000015 |b BOOK |c Seminar Report |e Default branch | ||